[Event "Mezinarodni sachovy festival PLZEN 2023 – CALLIDITAS OPEN"]
[Site "Plzen (Ceska republika)"]
[Date "2023.08.23"]
[Round "6.18"]
[White "Mojzisova, Barbora"]
[Black "Zelenka, Tomas"]
[Result "1-0"]
[WhiteElo "1119"]
[BlackElo "1280"]
[PlyCount "92"]
[EventDate "2023.08.19"]

{[%evp 0,92,26,26,60,60,55,27,19,12,71,59,38,33,41,36,20,24,23,18,32,25,30,26,11,18,26,-4,-14,0,-13,-15,-19,-19,52,0,65,-10,-23,-35,54,58,33,16,49,-22,87,81,104,104,129,156,164,153,171,178,964,175,161,115,115,115,128,109,109,-141,-161,-160,202,199,553,553,619,597,725,513,558,391,419,391,558,686,715,805,884,884,1492,1492,1488,1492,1564,1886,2211,1914,29971]} 1. e4 c5 2. Nf3 Nc6 3. d4 cxd4 4. Nxd4 g6 5. Nc3 Bg7 6. Be3 Nf6 7. Bc4 O-O 8. f3 d6 9. Qd2 Nxd4 10. Bxd4 Be6 11. Bxe6 fxe6 12. O-O-O Rc8 13. g4 Qa5 14. Kb1 b5 15. h4 b4 16. Ne2 Qa4 17. Qd3 a5 18. Qb3 Qxb3 19. cxb3 d5 20. g5 Nh5 21. Bxg7 Kxg7 22. Nd4 Kg8 23. Nxe6 Rxf3 24. exd5 Rf2 25. Rc1 Rb8 26. Rc5 Ng3 27. Rhc1 Kf7 28. Rxa5 Ne4 29. Ra6 Nd2+ 30. Ka1 Rc8 31. Rac6 Ra8 32. R6c2 Nxb3+ 33. Kb1 Rxc2 34. Rxc2 Rg8 35. Rf2+ Ke8 36. axb3 Kd7 37. Kc1 Kd6 38. Rd2 Rc8+ 39. Rc2 Rxc2+ 40. Kxc2 Kxd5 41. Nf8 e5 42. Nxh7 Ke6 43. Kd3 Kf5 44. Ke3 Kg4 45. Ke4 Kxh4 46. Kxe5 Kg4 1-0

[Event "Mezinarodni sachovy festival PLZEN 2023 – CALLIDITAS OPEN"]
[Site "Plzen (Ceska republika)"]
[Date "2023.08.23"]
[Round "6.19"]
[White "Konig, Vlastislav"]
[Black "Tykalova, Barbora"]
[Result "1-0"]
[WhiteElo "1514"]
[BlackElo "1154"]
[PlyCount "67"]
[EventDate "2023.08.19"]

1. e4 e5 2. Nf3 d5 3. exd5 e4 4. Nd4 Qxd5 5. Nb3 Nf6 6. Nc3 Qe5 7. Qe2 Bd6 8. Qb5+ Nc6 9. Qxe5+ Nxe5 10. Nb5 O-O 11. Nxd6 cxd6 12. Be2 Bg4 13. Bxg4 Nfxg4 14. h3 Nh6 15. O-O f5 16. Nd4 Rf6 17. b3 Rg6 18. Bb2 f4 19. f3 exf3 20. Nxf3 Nxf3+ 21. Rxf3 Rf8 22. Raf1 Re6 23. Rxf4 Rxf4 24. Rxf4 Re2 25. Bc3 g5 26. Rd4 Nf7 27. Rc4 Re1+ 28. Kh2 Rc1 29. Rc8+ Nd8 30. Rxd8+ Kf7 31. Rxd6 Rxc2 32. a4 Ke7 33. Rh6 Ra2 34. Rxh7+ 1-0

[Event "Mezinarodni sachovy festival PLZEN 2023 – CALLIDITAS OPEN"]
[Site "Plzen (Ceska republika)"]
[Date "2023.08.23"]
[Round "6.20"]
[White "Fakan, Petr"]
[Black "Koutecky, Vaclav"]
[Result "1/2-1/2"]
[WhiteElo "1240"]
[BlackElo "1307"]
[PlyCount "44"]
[EventDate "2023.08.19"]

1. e4 e5 2. Nf3 Nc6 3. d4 exd4 4. Bc4 Bc5 5. c3 Nf6 6. cxd4 Bb4+ 7. Nc3 Nxe4 8. O-O Nxc3 9. bxc3 Bxc3 10. Qb3 Bxa1 11. Bxf7+ Kf8 12. Bg5 Ne7 13. Re1 b6 14. Bxe7+ Qxe7 15. Rxe7 Kxe7 16. Bd5 c6 17. Qe3+ Kd8 18. Qg5+ Kc7 19. Qe5+ Kb7 20. Qxg7 Re8 21. Bb3 Re2 22. h4 h5 1/2-1/2

[Event "Mezinarodni sachovy festival PLZEN 2023 – CALLIDITAS OPEN"]
[Site "Plzen (Ceska republika)"]
[Date "2023.08.23"]
[Round "6.21"]
[White "Tirb, Alexej"]
[Black "Dolezal, Eduard"]
[Result "0-1"]
[WhiteElo "1213"]
[BlackElo "1151"]
[PlyCount "68"]
[EventDate "2023.08.19"]

1. e4 c5 2. Nf3 d6 3. Bb5+ Bd7 4. Bxd7+ Qxd7 5. Nc3 Nc6 6. d3 Nf6 7. h3 e6 8. Be3 Be7 9. O-O O-O 10. Re1 Rac8 11. Rb1 Rfd8 12. a3 d5 13. exd5 exd5 14. Bd2 h6 15. Ne2 Bd6 16. c3 a5 17. a4 Re8 18. Nc1 Re7 19. Rxe7 Qxe7 20. Ne2 Re8 21. Nc1 Nh5 22. Qe1 Qd7 23. Qd1 Bf4 24. Ne2 Qe7 25. Nc1 Bxd2 26. Qxd2 c4 27. dxc4 dxc4 28. Ra1 Rd8 29. Qe2 Qc5 30. b3 cxb3 31. Nxb3 Qxc3 32. Rb1 Nf4 33. Qb5 Ne6 34. Qxb7 Rb8 0-1

[Event "Mezinarodni sachovy festival PLZEN 2023 – CALLIDITAS OPEN"]
[Site "Plzen (Ceska republika)"]
[Date "2023.08.23"]
[Round "6.23"]
[White "Roubal, Frantisek"]
[Black "Vlk, Miloslav"]
[Result "0-1"]
[WhiteElo "1293"]
[BlackElo "1963"]
[PlyCount "70"]
[EventDate "2023.08.19"]

{[%evp 0,70,26,26,27,27,38,7,6,11,13,6,9,-29,-24,-37,-5,-5,22,25,32,46,46,25,27,12,44,35,54,45,74,36,41,-2,6,-30,10,-44,-11,-58,-74,-89,-85,-258,-48,-84,-106,-140,-114,-166,-64,-152,-173,-211,-165,-165,-165,-246,-222,-288,-266,-292,-300,-282,-311,-734,-739,-1443,-1473,-29993,-2196,-29999,-30000]} 1. d4 Nf6 2. Nf3 g6 3. e3 Bg7 4. c4 O-O 5. Bd3 d6 6. b3 e5 7. Be2 Nbd7 8. Bb2 e4 9. Nfd2 c6 10. Nc3 Re8 11. b4 a5 12. b5 h6 13. a4 g5 14. Qc2 d5 15. bxc6 bxc6 16. c5 Nb8 17. O-O Qc7 18. h3 h5 19. Qd1 g4 20. hxg4 Nxg4 21. g3 Bh6 22. Bxg4 Bxg4 23. Qb3 Qd7 24. Ba3 Re6 25. Rab1 h4 26. Qb7 Qxb7 27. Rxb7 hxg3 28. Rfb1 Na6 29. Nf1 gxf2+ 30. Kxf2 Rf6+ 31. Kg3 Rg6 32. Kh4 Bf3 33. Nd1 Kg7 34. Nf2 Bxe3 35. Nxe3 Rh8# 0-1

[Event "Mezinarodni sachovy festival PLZEN 2023 – CALLIDITAS OPEN"]
[Site "Plzen (Ceska republika)"]
[Date "2023.08.24"]
[Round "7.1"]
[White "Klement, Lukas"]
[Black "Eret, Matous"]
[Result "0-1"]
[WhiteElo "2304"]
[BlackElo "2321"]
[PlyCount "124"]
[EventDate "2023.08.19"]

1. Nf3 Nf6 2. d4 d6 3. c4 Nbd7 4. Nc3 e5 5. e4 Be7 6. g3 c6 7. Bg2 O-O 8. O-O Qc7 9. h3 a6 10. a4 a5 11. b3 Re8 12. Ba3 Bf8 13. d5 Qb6 14. Rb1 Nc5 15. Ne1 g6 16. Kh2 cxd5 17. cxd5 Bd7 18. Nc2 Na6 19. Ne3 Nb4 20. Nc4 Qd4 21. Qf3 Nh5 22. Rbd1 Qa7 23. Bc1 Nc2 24. Be3 Nd4 25. Bxd4 exd4 26. Ne2 b5 27. axb5 Bxb5 28. g4 Ng7 29. Qd3 a4 30. Nxd4 Qc5 31. Nxb5 Qxb5 32. bxa4 Rxa4 33. Ne3 Qxd3 34. Rxd3 Be7 35. f4 g5 36. fxg5 Bxg5 37. Kg3 h5 38. Nc2 Ra2 39. Rc3 h4+ 40. Kh2 Rb8 41. Rf2 Ne8 42. Bf1 Nf6 43. Rc7 Nxe4 44. Re2 Ng3 45. Re1 Bd2 46. Rd1 Nxf1+ 47. Rxf1 Rbb2 48. Rfxf7 Bh6 49. Rf2 Bg7 50. Rc8+ Kh7 51. Kg2 Rb3 52. Rc7 Rg3+ 53. Kf1 Kg6 54. Ne1 Rxf2+ 55. Kxf2 Bd4+ 56. Ke2 Re3+ 57. Kf1 Rxh3 58. Rc4 Be5 59. Kg2 Rb3 60. Nf3 h3+ 61. Kf2 Rb2+ 62. Kg1 h2+ 0-1

[Event "Mezinarodni sachovy festival PLZEN 2023 – CALLIDITAS OPEN"]
[Site "Plzen (Ceska republika)"]
[Date "2023.08.24"]
[Round "7.2"]
[White "Hurtak, Otto"]
[Black "Soural, Jan"]
[Result "0-1"]
[WhiteElo "1949"]
[BlackElo "2210"]
[PlyCount "56"]
[EventDate "2023.08.19"]

1. c4 Nf6 2. Nc3 c5 3. g3 e6 4. Bg2 d5 5. cxd5 exd5 6. e3 d4 7. Nb1 Nc6 8. Nf3 Be7 9. O-O O-O 10. exd4 cxd4 11. d3 Bf5 12. Qb3 Nd7 13. Ne1 Nc5 14. Qd1 Nb4 15. g4 Bxd3 16. Nxd3 Nbxd3 17. Nd2 Nf4 18. Bf3 Bd6 19. Nc4 Bc7 20. Bxf4 Bxf4 21. Kg2 Qh4 22. h3 Rad8 23. b4 Ne6 24. Qd3 Bb8 25. Qf5 Nf4+ 26. Kg1 Nxh3+ 27. Kg2 Nf4+ 28. Kg1 Ne2+ 0-1

[Event "Mezinarodni sachovy festival PLZEN 2023 – CALLIDITAS OPEN"]
[Site "Plzen (Ceska republika)"]
[Date "2023.08.24"]
[Round "7.3"]
[White "Vilimek, Vit"]
[Black "Kubat, Miroslav"]
[Result "1-0"]
[WhiteElo "2067"]
[BlackElo "1922"]
[PlyCount "97"]
[EventDate "2023.08.19"]

{[%evp 0,97,28,32,46,-36,-34,-35,-16,-27,-22,-20,-30,-14,-11,-15,-15,-6,6,5,20,-56,-26,-30,-33,-23,-8,-5,-12,-9,-12,-57,-28,-79,-71,-79,-85,-113,-33,-64,-90,-116,-93,-99,-116,-98,-108,-105,483,511,529,550,573,246,246,246,246,246,246,246,246,191,189,104,162,135,213,273,258,173,182,106,459,459,459,459,459,486,344,114,506,441,472,249,660,660,660,660,660,619,685,614,630,634,703,646,652,715,715,725]} 1. e4 c5 2. b4 cxb4 3. a3 e6 4. axb4 Bxb4 5. c3 Be7 6. d4 d5 7. e5 Bd7 8. Bd3 Qb6 9. Na3 a6 10. f4 g6 11. Nf3 Nh6 12. O-O Nf5 13. g4 Ng7 14. h3 Nc6 15. Ra2 Rc8 16. Raf2 Na5 17. Nb1 Nc4 18. Qc2 Qa7 19. Ng5 b5 20. f5 gxf5 21. gxf5 Nxf5 22. Bxf5 Bxg5 23. Bxg5 Rg8 24. Bg4 Rxg5 25. Qxh7 Rf5 26. Bxf5 exf5 27. Qh8+ Ke7 28. Qf6+ Ke8 29. Rg2 Be6 30. Rg8+ Kd7 31. Rxc8 Kxc8 32. h4 Ne3 33. h5 Ng4 34. Qg5 b4 35. Rxf5 bxc3 36. Qg8+ Kc7 37. Rxf7+ Bxf7 38. Qxf7+ Kb6 39. Qe6+ Kb5 40. Nxc3+ Kc4 41. Qxd5+ Kxc3 42. Qc5+ Qxc5 43. dxc5 Nxe5 44. h6 Kc4 45. h7 Kxc5 46. h8=Q Nc4 47. Kf2 a5 48. Ke2 a4 49. Kd3 1-0

[Event "Mezinarodni sachovy festival PLZEN 2023 – CALLIDITAS OPEN"]
[Site "Plzen (Ceska republika)"]
[Date "2023.08.24"]
[Round "7.4"]
[White "Jezek, Jakub"]
[Black "Wawra, Juergen"]
[Result "0-1"]
[WhiteElo "1583"]
[BlackElo "1970"]
[PlyCount "88"]
[EventDate "2023.08.19"]

{[%evp 0,88,28,24,13,-7,4,9,13,-19,13,18,4,-7,20,5,11,-2,39,-19,7,-4,2,-12,-6,-61,-56,-58,-58,-82,-64,-72,-74,-68,-67,-141,-99,-109,24,-159,-67,-112,-122,-138,-112,-118,-113,-113,-58,-56,-7,-15,-11,-11,-28,-47,21,79,79,-18,-13,-69,-97,-130,-128,-143,-76,-72,-15,-350,-342,-342,-394,-639,-678,-794,-293,-915,-598,-1335,-29982,-29989,-2798,-29989,-29990,-29991,-29992,-29993,-29994,-29999,-30000]} 1. d4 d5 2. c4 e6 3. Nf3 Nf6 4. g3 Be7 5. Bg2 O-O 6. O-O b6 7. Bf4 Bb7 8. Nc3 c6 9. e3 Nbd7 10. Rc1 h6 11. Be5 Ne4 12. g4 Nxc3 13. Rxc3 dxc4 14. Bg3 b5 15. Ne5 Nxe5 16. Bxe5 Rc8 17. e4 b4 18. Rh3 Qa5 19. Rh5 Qd8 20. Bg3 c5 21. d5 exd5 22. exd5 Bf6 23. Qc2 g6 24. Rxh6 Kg7 25. Rh3 c3 26. bxc3 bxc3 27. Rd1 Qe8 28. Bf4 Rh8 29. Rxh8 Kxh8 30. g5 Bd4 31. d6 Bxg2 32. Kxg2 Qc6+ 33. Kg3 Rb8 34. Rb1 Rb2 35. Rxb2 cxb2 36. Qb3 c4 37. Qb8+ Kg7 38. Qc7 Qh1 39. d7 Qg1+ 40. Kh3 Qf1+ 41. Kg3 Qxf2+ 42. Kg4 b1=Q 43. Be5+ Kh7 44. d8=Q Qbf5# 0-1

[Event "Mezinarodni sachovy festival PLZEN 2023 – CALLIDITAS OPEN"]
[Site "Plzen (Ceska republika)"]
[Date "2023.08.24"]
[Round "7.5"]
[White "Velickov, Dominik"]
[Black "Hlavac, Rudolf"]
[Result "1/2-1/2"]
[WhiteElo "1376"]
[BlackElo "1856"]
[PlyCount "100"]
[EventDate "2023.08.19"]

1. e4 c5 2. Nf3 Nc6 3. d4 cxd4 4. Nxd4 Nf6 5. Nc3 e5 6. Ndb5 d6 7. Bg5 a6 8. Na3 b5 9. Nd5 Be7 10. Bxf6 gxf6 11. Bd3 Be6 12. O-O f5 13. c4 Nd4 14. Qh5 Bxd5 15. cxd5 f4 16. Nc2 Nxc2 17. Bxc2 O-O 18. Bd1 f5 19. exf5 Bf6 20. Rb1 Kh8 21. Bf3 Ra7 22. Be4 Rc7 23. Rbc1 b4 24. Rfd1 Rxc1 25. Rxc1 Qa5 26. Qh6 Kg8 27. g4 fxg3 28. hxg3 Qd8 29. Kg2 a5 30. b3 Qe7 31. Qh5 Ra8 32. Qd1 Qd7 33. Rc6 Kh8 34. Qc2 Bd8 35. f6 Qf7 36. Rxd6 Bxf6 37. Qc6 Rf8 38. Rd7 Be7 39. f3 Rg8 40. d6 Rxg3+ 41. Kxg3 Qf4+ 42. Kh3 Qh6+ 43. Kg2 Qd2+ 44. Kf1 Qd1+ 45. Kg2 Qd2+ 46. Kh3 Qh6+ 47. Kg2 Qd2+ 48. Kh1 Qd1+ 49. Kh2 Qd2+ 50. Kh3 Qh6+ 1/2-1/2

[Event "Mezinarodni sachovy festival PLZEN 2023 – CALLIDITAS OPEN"]
[Site "Plzen (Ceska republika)"]
[Date "2023.08.24"]
[Round "7.6"]
[White "Olbrich, Joachim"]
[Black "Mutinsky, Jakub"]
[Result "1/2-1/2"]
[WhiteElo "2107"]
[BlackElo "1658"]
[PlyCount "84"]
[EventDate "2023.08.19"]

1. e4 c5 2. Nc3 e6 3. Nge2 Nc6 4. g3 d5 5. exd5 exd5 6. d4 Nf6 7. Bg2 cxd4 8. Nxd4 Bc5 9. Be3 Qe7 10. O-O Be6 11. Re1 Nxd4 12. Bxd4 O-O 13. Ne2 Bb4 14. c3 Bd6 15. Qb3 Ne4 16. Rad1 b6 17. Qc2 Qb7 18. Bxe4 dxe4 19. Bxg7 Kxg7 20. Rxd6 Bg4 21. Qd2 Qe7 22. Qf4 f5 23. Nd4 Rf6 24. Rxf6 Qxf6 25. f3 Bxf3 26. Nxf5+ Kh8 27. Nd4 Qxf4 28. gxf4 Rg8+ 29. Kf1 Rg2 30. Nxf3 exf3 31. Re8+ Kg7 32. Re7+ Kg6 33. Rxa7 Rxh2 34. b4 Kf5 35. Rf7+ Ke4 36. a4 Ke3 37. Re7+ Kxf4 38. a5 bxa5 39. bxa5 Kg3 40. Rg7+ Kf4 41. Rf7+ Kg3 42. Rg7+ Kf4 1/2-1/2

[Event "Mezinarodni sachovy festival PLZEN 2023 – CALLIDITAS OPEN"]
[Site "Plzen (Ceska republika)"]
[Date "2023.08.24"]
[Round "7.7"]
[White "Mametev, Artem"]
[Black "Hladun, Bartlomiej"]
[Result "1/2-1/2"]
[WhiteElo "2035"]
[BlackElo "1632"]
[PlyCount "97"]
[EventDate "2023.08.19"]

{[%evp 0,97,28,32,46,55,78,62,62,68,66,49,41,39,44,33,34,11,58,35,25,-13,-4,25,31,24,26,17,458,472,634,95,103,91,93,103,103,103,113,82,82,65,70,67,77,24,20,20,28,25,81,68,88,77,77,63,109,81,96,97,90,94,94,-18,-37,-37,-21,-37,-31,-58,-72,-45,-46,-89,-91,-72,-94,-114,-65,-105,-108,-181,-118,-136,-118,-118,21,-118,85,95,144,-21,-21,-21,-56,-62,-45,-100,-100,-100]} 1. e4 c5 2. Nf3 g6 3. d4 cxd4 4. Nxd4 Nc6 5. Nc3 Bg7 6. Be3 Nf6 7. Bc4 O-O 8. Bb3 Re8 9. f3 e6 10. f4 d5 11. e5 Nd7 12. Qf3 a6 13. O-O-O f6 14. Nxe6 Ndxe5 15. fxe5 Bxe6 16. exf6 Qxf6 17. Qxf6 Bxf6 18. Nxd5 Be5 19. Nb6 Rad8 20. Rxd8 Nxd8 21. Bxe6+ Rxe6 22. Rd1 Nf7 23. Bg1 Bf4+ 24. Kb1 Nd6 25. g3 Bg5 26. c3 h5 27. Nd5 Nc4 28. b3 Nd2+ 29. Kc2 Nf3 30. h4 Bh6 31. Nf4 Bxf4 32. gxf4 Nxh4 33. Rd8+ Kf7 34. Rd7+ Kf6 35. Rxb7 Nf3 36. Bc5 h4 37. Rh7 Kf5 38. a4 Kg4 39. b4 h3 40. b5 axb5 41. axb5 Nh4 42. Be7 Nf5 43. Bc5 Kg3 44. b6 Nd6 45. Bxd6 Rxd6 46. b7 Rb6 47. Rg7 Kxf4 48. Rxg6 Rxb7 49. Rh6 1/2-1/2

[Event "Mezinarodni sachovy festival PLZEN 2023 – CALLIDITAS OPEN"]
[Site "Plzen (Ceska republika)"]
[Date "2023.08.24"]
[Round "7.8"]
[White "Chudek, Lubomir"]
[Black "Seterle, Matej"]
[Result "0-1"]
[WhiteElo "1748"]
[BlackElo "1890"]
[PlyCount "76"]
[EventDate "2023.08.19"]

{[%evp 0,76,32,32,75,75,68,12,69,34,61,61,64,59,66,20,56,45,34,7,6,11,27,-73,-98,-70,-78,-78,-78,-99,-44,-67,-65,-58,-45,-47,-36,-47,-40,-26,-47,-41,-41,0,-19,-75,-11,-5,-2,1,18,80,117,133,520,520,520,520,520,520,520,57,43,28,51,55,63,63,65,53,82,-93,-3,-29,-12,-10,0,-14,0]} 1. e4 d6 2. d4 Nf6 3. Bd3 c6 4. Ne2 Qc7 5. O-O e5 6. Nbc3 Nbd7 7. Kh1 a6 8. f4 b5 9. a3 Bb7 10. Be3 h5 11. a4 b4 12. Na2 c5 13. fxe5 dxe5 14. dxc5 Bxc5 15. Bxc5 Qxc5 16. Qe1 a5 17. c3 Qe3 18. Rf3 Qb6 19. cxb4 Nxe4 20. Bxe4 Bxe4 21. Rf2 h4 22. Nac3 Bc6 23. b5 Bb7 24. h3 g5 25. Rd1 O-O-O 26. Nd5 Qe6 27. Qc3+ Kb8 28. Qc7+ Ka8 29. Qxa5+ Kb8 30. Nc7 Qb6 31. Qxb6 Nxb6 32. Rxd8+ Rxd8 33. Na6+ Bxa6 34. bxa6 Rd2 35. Kg1 Rxb2 36. Nc3 Rxf2 37. Kxf2 f5 38. Nb5 g4 0-1

[Event "Mezinarodni sachovy festival PLZEN 2023 – CALLIDITAS OPEN"]
[Site "Plzen (Ceska republika)"]
[Date "2023.08.24"]
[Round "7.9"]
[White "Roubal, Matyas"]
[Black "Zoufaly, Petr"]
[Result "1-0"]
[WhiteElo "1856"]
[BlackElo "1603"]
[PlyCount "41"]
[EventDate "2023.08.19"]

1. e4 e5 2. Nf3 Nc6 3. d4 exd4 4. Nxd4 Nxd4 5. Qxd4 d6 6. Nc3 Bd7 7. Be3 Ne7 8. Be2 a6 9. f4 Nc6 10. Qd2 Qh4+ 11. g3 Qd8 12. Bf3 Be7 13. O-O-O Qc8 14. Nd5 a5 15. e5 dxe5 16. Nxe7 Kxe7 17. Bc5+ Ke8 18. fxe5 Bg4 19. Bxc6+ bxc6 20. Qg5 Qe6 21. Qxg7 1-0

[Event "Mezinarodni sachovy festival PLZEN 2023 – CALLIDITAS OPEN"]
[Site "Plzen (Ceska republika)"]
[Date "2023.08.24"]
[Round "7.10"]
[White "Honcharov, Makar"]
[Black "Koper, Stefan"]
[Result "1-0"]
[WhiteElo "1842"]
[BlackElo "1720"]
[PlyCount "49"]
[EventDate "2023.08.19"]

1. e4 d6 2. d4 Nf6 3. Nc3 c6 4. f4 g6 5. Nf3 Bg7 6. Bd3 Bg4 7. O-O e6 8. h3 Bxf3 9. Qxf3 d5 10. e5 Nfd7 11. Be3 Na6 12. f5 exf5 13. g4 O-O 14. gxf5 Nb4 15. f6 Bh8 16. Bf5 Bxf6 17. exf6 Nxf6 18. a3 Na6 19. Bh6 Qb6 20. Bd3 Nh5 21. Bxf8 Qxd4+ 22. Qf2 Qxf2+ 23. Rxf2 Rxf8 24. Bxa6 bxa6 25. Re1 1-0

[Event "Mezinarodni sachovy festival PLZEN 2023 – CALLIDITAS OPEN"]
[Site "Plzen (Ceska republika)"]
[Date "2023.08.24"]
[Round "7.11"]
[White "Vlk, Miloslav"]
[Black "Krisman, Ondrej"]
[Result "1-0"]
[WhiteElo "1963"]
[BlackElo "1603"]
[PlyCount "65"]
[EventDate "2023.08.19"]

1. c4 e6 2. Nc3 Nf6 3. e4 d5 4. e5 d4 5. exf6 dxc3 6. bxc3 Qxf6 7. d4 Be7 8. Nf3 h6 9. Bd3 O-O 10. O-O c5 11. Ne5 Nd7 12. f4 Rd8 13. Rf3 g6 14. Rg3 Nxe5 15. fxe5 Qg7 16. Be3 Bd7 17. Qc2 Be8 18. Be4 Rab8 19. Rf1 Rdc8 20. Qc1 Kh7 21. Bd3 b5 22. cxb5 cxd4 23. Bxh6 Qh8 24. Bg5 Bxg5 25. Rh3+ Kg7 26. Qxg5 Qxh3 27. gxh3 Rxc3 28. Qf6+ Kg8 29. Bxg6 fxg6 30. Qxe6+ Kh7 31. Qe7+ Kh6 32. Rf4 Rxh3 33. Rf8 1-0

[Event "Mezinarodni sachovy festival PLZEN 2023 – CALLIDITAS OPEN"]
[Site "Plzen (Ceska republika)"]
[Date "2023.08.24"]
[Round "7.12"]
[White "Ondrejat, Miroslav"]
[Black "Krivka, Lukas"]
[Result "1-0"]
[WhiteElo "1861"]
[BlackElo "1380"]
[PlyCount "117"]
[EventDate "2023.08.19"]

{[%evp 0,107,32,30,20,-7,-3,9,15,15,42,6,44,38,52,29,46,27,40,33,33,39,32,35,75,76,76,54,82,64,114,119,106,92,104,83,109,74,63,75,82,87,87,92,96,95,105,82,105,96,144,135,203,196,235,233,233,255,245,247,263,244,256,287,272,178,177,189,189,185,189,192,202,209,232,232,232,227,236,222,275,245,294,285,351,351,435,448,452,452,465,465,543,585,608,588,651,744,760,632,520,694,838,835,1286,1379,1390,1260,1192,1599]} 1. d4 d5 2. c4 e6 3. Nc3 Nf6 4. Nf3 c6 5. Bg5 Be7 6. e3 h6 7. Bh4 O-O 8. Bd3 dxc4 9. Bxc4 b5 10. Bd3 Bb7 11. O-O Nd5 12. Bxe7 Qxe7 13. Rc1 Nxc3 14. Rxc3 a6 15. Ne5 Rc8 16. Qc1 Qd6 17. Be4 a5 18. f4 f6 19. Nd3 Nd7 20. Nc5 Nxc5 21. Rxc5 f5 22. Bf3 Rc7 23. Rf2 Rac8 24. Rfc2 g6 25. Be2 b4 26. Rxa5 Ra8 27. Rxa8+ Bxa8 28. Rc5 Ra7 29. Qc4 Kg7 30. Bf3 g5 31. fxg5 hxg5 32. Bxc6 Bxc6 33. Rxc6 Qd5 34. Qxd5 exd5 35. Rb6 Rxa2 36. Rxb4 Ra5 37. Rb6 Kf7 38. Kf2 Ra2 39. Kf3 Ke7 40. h3 Ra4 41. Rg6 Rb4 42. Rxg5 Kf6 43. Kf4 Rxb2 44. Rxf5+ Ke6 45. Re5+ Kd6 46. g4 Rf2+ 47. Kg5 Rf8 48. h4 Rg8+ 49. Kf4 Rf8+ 50. Kg3 Rg8 51. g5 Rg6 52. h5 Rg8 53. g6 Rg7 54. Kg4 Rg8 55. Kg5 Rf8 56. g7 Rg8 57. h6 Kc6 58. Kf6 Kd6 59. h7 1-0

[Event "Mezinarodni sachovy festival PLZEN 2023 – CALLIDITAS OPEN"]
[Site "Plzen (Ceska republika)"]
[Date "2023.08.24"]
[Round "7.13"]
[White "Krivka, Matej"]
[Black "Zemen, Jiri"]
[Result "1-0"]
[WhiteElo "1572"]
[BlackElo "1851"]
[PlyCount "81"]
[EventDate "2023.08.19"]

1. e4 d5 2. exd5 Nf6 3. d4 c6 4. dxc6 Nxc6 5. Nf3 Bg4 6. Be2 e6 7. c3 Qb6 8. Nbd2 Nd5 9. Nc4 Qc7 10. Ne3 Bh5 11. Nxd5 exd5 12. Be3 Bd6 13. Qd2 O-O 14. g3 Rfe8 15. Nh4 Bxe2 16. Qxe2 Be7 17. Ng2 Bf6 18. Qd2 Na5 19. O-O Nc4 20. Qc2 Rac8 21. Bf4 Qb6 22. b3 Na3 23. Qb2 Qa5 24. Rfe1 Nb5 25. Bd2 Qb6 26. Nf4 Nxd4 27. Rxe8+ Rxe8 28. cxd4 Bxd4 29. Bc3 Bc5 30. Nd3 Bf8 31. Re1 Rd8 32. Bd4 Qb5 33. Nf4 Qa5 34. Qe2 Qb4 35. Qe3 Qa5 36. Nh5 Rd6 37. Nf4 Rc6 38. Rc1 Rh6 39. Bc5 Rc6 40. Bxf8 Kxf8 41. Re1 1-0

[Event "Mezinarodni sachovy festival PLZEN 2023 – CALLIDITAS OPEN"]
[Site "Plzen (Ceska republika)"]
[Date "2023.08.24"]
[Round "7.14"]
[White "Soutner, Jaroslav"]
[Black "Hodl, Vojtech"]
[Result "0-1"]
[WhiteElo "1695"]
[BlackElo "1352"]
[PlyCount "42"]
[EventDate "2023.08.19"]

{[%evp 0,42,30,25,68,67,44,25,29,28,49,9,46,3,95,107,99,99,99,44,27,49,83,37,79,52,37,83,73,21,2,-131,-143,-140,-165,-165,-147,-168,-145,-145,-145,-254,-145,-642,-382]} 1. e4 c6 2. Nc3 d5 3. Nf3 dxe4 4. Nxe4 Nf6 5. Qe2 Be6 6. Nfg5 Nxe4 7. Nxe6 fxe6 8. Qxe4 Qd5 9. Qh4 Nd7 10. d4 O-O-O 11. c4 Qf5 12. Qg3 e5 13. Bd3 e4 14. Bc2 e5 15. f3 Bb4+ 16. Bd2 Bxd2+ 17. Kxd2 Nc5 18. d5 cxd5 19. cxd5 Rxd5+ 20. Ke3 Rhd8 21. fxe4 Rd3+ 0-1

[Event "Mezinarodni sachovy festival PLZEN 2023 – CALLIDITAS OPEN"]
[Site "Plzen (Ceska republika)"]
[Date "2023.08.24"]
[Round "7.15"]
[White "Konig, Vlastislav"]
[Black "Sladek, Jaroslav"]
[Result "1/2-1/2"]
[WhiteElo "1514"]
[BlackElo "1840"]
[PlyCount "80"]
[EventDate "2023.08.19"]

{[%evp 0,80,19,12,44,53,46,42,59,68,54,54,104,84,77,75,57,65,51,46,50,80,79,55,120,124,105,119,125,122,127,109,144,160,165,106,176,105,117,105,81,82,98,115,168,160,175,178,148,151,259,154,158,16,38,0,0,58,65,77,80,18,44,-43,357,1,0,18,12,-9,-8,-56,-56,-71,-56,-86,-30,-50,-35,-50,-48,-50,-27]} 1. e4 d5 2. exd5 Nf6 3. d4 Qxd5 4. Nc3 Qa5 5. Nf3 c6 6. Bc4 Bf5 7. O-O e6 8. Bf4 Be7 9. Re1 O-O 10. Nh4 Re8 11. Re5 Qd8 12. Nxf5 exf5 13. Rxf5 g6 14. Re5 Nbd7 15. Re3 b5 16. Bb3 Qb6 17. Rh3 c5 18. dxc5 Bxc5 19. Qf3 Rad8 20. Bg5 Re5 21. Nd5 Bxf2+ 22. Kf1 Nxd5 23. Bxd8 Qxd8 24. Qxf2 Qg5 25. Bxd5 Rxd5 26. Re1 Rd2 27. Qf3 Rxc2 28. Rg3 Qc5 29. Qe3 Qc4+ 30. Qd3 Rxb2 31. Kg1 Nc5 32. Qxc4 bxc4 33. Rc3 Nd3 34. Rf1 Ne5 35. a3 Kg7 36. h3 f6 37. Rd1 Kf7 38. Rd8 h5 39. Ra8 Rb7 40. Kf2 Ke6 1/2-1/2

[Event "Mezinarodni sachovy festival PLZEN 2023 – CALLIDITAS OPEN"]
[Site "Plzen (Ceska republika)"]
[Date "2023.08.24"]
[Round "7.16"]
[White "Stepanek, Vit"]
[Black "Kalista, Karel"]
[Result "0-1"]
[WhiteElo "1564"]
[BlackElo "1657"]
[PlyCount "106"]
[EventDate "2023.08.19"]

{[%evp 0,106,21,13,30,11,27,22,54,16,43,43,42,35,55,15,17,0,-4,-17,-7,-29,-23,-9,-2,-28,-17,-94,-109,-158,-90,-246,-227,-253,-442,-442,-277,-235,-580,-659,-548,-659,-529,-722,-536,-519,-514,-514,-542,-537,-557,-588,-301,-275,-275,-349,-343,-371,-366,-374,-372,-380,-373,-384,-398,-397,-400,-413,-397,-419,-419,-403,-416,-428,-294,-439,-420,-347,-373,-400,-393,-448,-317,-438,-468,-475,-493,-493,-500,-503,-505,-577,-524,-505,-1240,-1431,-1557,-1557,-1424,-2002,-1347,-2412,-2412,-19453,-2412,-2412,-29966,-29975,-29976]} 1. d4 Nf6 2. Bf4 e6 3. e3 c5 4. c3 b6 5. Nd2 Bb7 6. Ngf3 Be7 7. Be2 O-O 8. Qc2 Nc6 9. O-O-O cxd4 10. exd4 Rc8 11. a3 a6 12. h4 b5 13. g4 b4 14. Nc4 bxa3 15. bxa3 d5 16. Qb2 dxc4 17. Qxb7 Qa5 18. Kc2 Nd5 19. Qb2 Nxf4 20. Bxc4 Bxa3 21. Qa2 Be7 22. Qxa5 Nxa5 23. Bxa6 Rc7 24. Ra1 Bb4 25. c4 Nc6 26. Rhb1 Be7 27. g5 Nb4+ 28. Kb3 Nxa6 29. Rxa6 Rb8+ 30. Ka2 Rxb1 31. Ra8+ Bf8 32. Kxb1 Rxc4 33. Rd8 f6 34. gxf6 gxf6 35. Nd2 Rc7 36. Ne4 Nd5 37. f3 Nc3+ 38. Kb2 Nxe4 39. fxe4 Kf7 40. d5 e5 41. d6 Rc4 42. d7 Rd4 43. Kc3 Be7 44. Rh8 Rxd7 45. Rxh7+ Kg6 46. Rh8 Rd8 47. h5+ Kg7 48. Rxd8 Bxd8 49. Kd3 Kh6 50. Ke3 Kxh5 51. Kf2 Kg4 52. Ke3 Bb6+ 53. Kd3 Kf3 0-1